000 00908nam a2200253 a 4500
001 54639
003 BD-RjUL
005 20211209080140.0
008 161108s1968 bg a|||| |||| 00| 0 ben d
020 _c: Tk. 7.50
035 _a(BD-RjUL)54761
040 _aBD-RjUL
_bben
_cBD-RjUL
041 _aben
082 _223
_a916
_bRAA 1968
100 _aরহমান, সৈয়দ সামছুর
_9162970
245 1 0 _aআফ্রিকার আমন্ত্রণ /
_cসৈয়দ সামছুর রহমান
250 _a১ম সং.
260 _aঢাকা :
_bসামছুন নাহার,
_c১৯৬৮
300 _axii, ৩৪৮ পৃ. :
_bচিত্র ;
_c২৪ সেমি.
500 _aপরিশিষ্ট সংযুক্ত
650 _aআফ্রিকা ভ্রমণ
_9162971
650 _aTravel in Africa
_9162972
942 _2ddc
_cBK
999 _c54639
_d54639